Geschichte von Rheinland-Pfalz - Statistiken

Allgemein
  • Dieses Quiz wurde 29 mal gespielt
  • Das Durchschnittsergebnis liegt bei 8 aus 14
Antwortstatistiken
Hint Antwort % Korrekt
Hauptstadt seit 1950 Mainz
95%
Das Gebiet von Rheinland-Pfalz wurde nach dem 2. Weltkrieg von Truppen diesen Landes besetzt Frankreich
91%
Ministerpräsident (1969-1976) und späterer Bundeskanzler Helmut Kohl
91%
Hier befindet sich das Hauptquartier der US-Luftstreitkräfte in Europa Ramstein
82%
Provisorische Hauptstadt bis 1950 Koblenz
77%
Nationaldemokratische Demonstration, die 1832 auf einem Schloss in der Nähe von Neustadt an der Weinstraße stattfand und bei der die schwarz-rot-goldene Flagge geschwenkt wurde Hambacher Fest
73%
Landkreis, der besonders schwer vom Hochwasser 2021 betroffen war (135 Tote) Ahrweiler
68%
Ministerpräsident (1991-1994) und SPD-Vorsitzender, Kanzlerkandidat 1994 Rudolf Scharping
64%
An obigem Ort ereignete sich 1988 ein Unglück bei folgendem Ereignis (70 Tote) Flugschau | Flugtag
50%
Was wurde 1947 durch eine Volksabstimmung verabschiedet (obwohl in den Regierungsbezirken Rheinhessen und Pfalz eine Mehrheit dagegen war)? Landesverfassung
32%
Dieser Aufstand fand 1849 statt. Ziel war die Beibehaltung der Frankfurter Reichsverfassung und die Unabhängigkeit von Bayern. {Pfälzischer} Aufstand
32%
1945-1949 wurden acht Menschen in Rheinland-Pfalz zum Tode verurteilt. Was fehlte jedoch, um das Urteil zu vollstrecken? eine Guillotine
27%
Dieses Gebäude ist seit 1951 Sitz des Landtags Deutschhaus | Deutschordenshaus
23%
Worüber stimmte 1975 die Bevölkerung der Regierungsbezirke Koblenz und Trier ab? (Gegenstimmen: 87%) Umgliederung nach Nordrhein-Westfalen
18%
Keine übereinstimmenden Quizze gefunden
Verteilung der Resultate
Anzahl Personen mit jedem Resultat
Perzentil nach korrekt beantworteten Fragen
Ihre Resultats-Entwicklung
Sie haben dieses Quiz noch nicht gespielt